Datum a čas kvízu
28.5
Celkem bodů
Celkový počet nahraných bodů na tomto kvízu bez doplňovacích otázek.
6.
Pořadí na kvízu
Konečné umístění týmu na tomto kvízu.
Zaznamenané odpovědi
| # | Otázka | Odpověď | Body | Výsledky |
|---|---|---|---|---|
| 1. | Brněnský útulek v minulém týdn... | miláčku | 1 | |
| 2. | Oblíbená turistická atrakce, 6... | v Krakově | 1 | |
| 3. | Minulý týden jsme se dozvěděli... | Praha | 1 | |
| 4. | Jak se nazývá zvířecí znamení... | had | 1 | |
| 5. | Minulý týden proběhl v estonsk... | v krasobruslení | 0 | |
| 6. | Začneme největšími společnými... | Poupata, Michal David | 0.5 | |
| 7. | Tento taneční fitness program... | zumba | 1 | |
| 8. | Cvičení na tomto „půlmíči“ je... | BOSU | 0 | |
| 9. | Jógu, přesněji řečeno hatha jó... | ásany | 0 | |
| 10. | Jak se jmenuje tato 55letá žen... | Olga Studničková (Šípková) | 0 |